LEADER 01261nam0-22003971i-450- 001 990003053470403321 010 $a0-333-41798-4 035 $a000305347 035 $aFED01000305347 035 $a(Aleph)000305347FED01 035 $a000305347 100 $a20000920d1986----km-y0itay50------ba 101 0 $aeng 102 $aIT 200 1 $aEast-West Economic Relations in the Changing Global Enviroment$eProceedings of a Conference held by the International Economic Association in Budapest,Hungary,and Vienna, Austria$fedited by Béla Csikòs-Nagy$gDavid G. Young. 210 $aLondon$aBSSingstoke$cMacmillan$d1986. 215 $aXXIV, 429 p.$d23 cm 610 0 $aFondo Monetario Internazionale 610 0 $aRelazioni Est-Ovest 676 $aF/1.4 676 $aF/1.41 676 $aO/1.2431 676 $aO/1.2432 676 $aO/1.35 676 $aO/2.41 702 1$aCsikòs-Nagy,$bBèla 702 1$aYoung,$bDavid G. 712 2$aInternational Economic Association 801 0$aIT$bUNINA$gRICA$2UNIMARC 901 $aBK 912 $a990003053470403321 952 $aA/3 IEA/86$b4914$fSES 959 $aSES 996 $aEast-West Economic Relations in the Changing Global Enviroment$9465651 997 $aUNINA DB $aING01 LEADER 01031nam0-22003731i-450- 001 990007884080403321 005 20121211104048.0 010 $a0-8247-4714-3 035 $a000788408 035 $aFED01000788408 035 $a(Aleph)000788408FED01 035 $a000788408 100 $a20040513d2004----km-y0itay50------ba 101 0 $aeng 102 $aUS 105 $aa---a---001yy 200 1 $a<>mathematical theory of tone systems$fJan Haluska 210 $aDekker$cNew York$dc2004 215 $axxix, 380 p.$d24 cm 225 1 $aMonographs and textbooks in pure and applied mathematics$v262 610 0 $aTeoria degli insiemi 610 0 $aFuzzy insiemi 676 $a511.32$v21 700 1$aHaluska,$bJan$0282865 801 0$aIT$bUNINA$gRICA$2UNIMARC 901 $aBK 912 $a990007884080403321 952 $aC-8-(262$b20413$fMA1 952 $a6-B-17$b25566$fMA1 959 $aMA1 962 $a00A69 962 $a03E72 996 $aMathematical theory of tone systems$9669244 997 $aUNINA